TB. FOR OPERATION ROOM TECHNICIANS (Record no. 6821)

MARC details
000 -LEADER
fixed length control field 00364nam a2200145Ia 4500
008 - FIXED-LENGTH DATA ELEMENTS--GENERAL INFORMATION
fixed length control field 150301s2014 xx 000 0 und d
082 ## - DEWEY DECIMAL CLASSIFICATION NUMBER
Classification number 617.917
Item number O14B
100 ## - MAIN ENTRY--PERSONAL NAME
Personal name BHALLA, PRAMILA
245 ## - TITLE STATEMENT
Title TB. FOR OPERATION ROOM TECHNICIANS
250 ## - EDITION STATEMENT
Edition statement 2ND
260 ## - PUBLICATION, DISTRIBUTION, ETC. (IMPRINT)
Name of publisher, distributor, etc. ABC. DELHI
Date of publication, distribution, etc. 2014
300 ## - PHYSICAL DESCRIPTION
Extent 338
650 ## - SUBJECT ADDED ENTRY--TOPICAL TERM
Topical term or geographic name as entry element OPERATION ROOM TECHNICIANS
942 ## - ADDED ENTRY ELEMENTS (KOHA)
Source of classification or shelving scheme Dewey Decimal Classification
Koha item type Books
Koha issues (borrowed), all copies 101
Holdings
Withdrawn status Lost status Source of classification or shelving scheme Damaged status Not for loan Collection code Home library Current library Shelving location Date acquired Source of acquisition Cost, normal purchase price SGTU Bill Number Total Checkouts Full call number Barcode Date last seen Date last checked out Bill Date Koha item type
    Dewey Decimal Classification     NURSING SGT Medical Library SGT Medical Library Text Book 02/07/2015 ABC DELHI 325.00 SGTU 5533 45 617.917 O14B FN2771 09/12/2023 02/12/2023 25/03/2015 Books
    Dewey Decimal Classification     NURSING SGT Medical Library SGT Medical Library Text Book 02/07/2015 ABC DELHI 325.00 SGTU 5533 41 617.917 O14B FN2772 21/08/2023 28/07/2023 25/03/2015 Books
    Dewey Decimal Classification     NURSING SGT Medical Library SGT Medical Library Text Book 02/07/2015 ABC DELHI 325.00 SGTU 5533 52 617.917 O14B FN2773 28/11/2025 03/11/2025 25/03/2015 Books
    Dewey Decimal Classification     NURSING SGT Medical Library SGT Medical Library Text Book 02/07/2015 ABC DELHI 325.00 SGTU 5533 42 617.917 O14B FN2774 10/02/2026 10/02/2026 25/03/2015 Books
    Dewey Decimal Classification     NURSING SGT Medical Library SGT Medical Library Text Book 02/07/2015 ABC DELHI 325.00 SGTU 5533 31 617.917 O14B FN2775 19/06/2025 03/06/2025 25/03/2015 Books